000 00386nam a2200145Ia 4500
008 240624s9999 xx 000 0 und d
041 _aeng
082 _a658.87 BER
100 _aBERMAN BARRY
245 _aRETAIL MANAGEMENT A STRATEGIC APPROACH
250 _a(10th ed.)
260 _c2007
_aNew Delhi
_bPrentice-Hall of India
300 _axxi, : 682 : p. : cm. ; 26
365 _cRS
_b40
999 _c5606
_d5606